<?xml version="1.0" encoding="UTF-8"?>
<record
    xmlns:xsi="http://www.w3.org/2001/XMLSchema-instance"
    xsi:schemaLocation="http://www.loc.gov/MARC21/slim http://www.loc.gov/standards/marcxml/schema/MARC21slim.xsd"
    xmlns="http://www.loc.gov/MARC21/slim">

  <leader>03679nas a22002897a 4500</leader>
  <controlfield tag="003">NALT</controlfield>
  <controlfield tag="005">20240703111201.0</controlfield>
  <controlfield tag="006">a|||p|r|||| 00| 0 </controlfield>
  <controlfield tag="007">ta</controlfield>
  <controlfield tag="008">240703b        th |||p| |||| 00| 0 tha d</controlfield>
  <datafield tag="022" ind1=" " ind2=" ">
    <subfield code="a">08579776</subfield>
  </datafield>
  <datafield tag="040" ind1=" " ind2=" ">
    <subfield code="a">NALT</subfield>
  </datafield>
  <datafield tag="041" ind1=" " ind2=" ">
    <subfield code="a">tha</subfield>
  </datafield>
  <datafield tag="245" ind1="0" ind2="0">
    <subfield code="a">&#xE01;&#xE0E;&#xE2B;&#xE21;&#xE32;&#xE22;&#xE2A;&#xE38;&#xE42;&#xE02;&#xE17;&#xE31;&#xE22;&#xE18;&#xE23;&#xE23;&#xE21;&#xE32;&#xE18;&#xE34;&#xE23;&#xE32;&#xE0A; &#xE1B;&#xE35;&#xE17;&#xE35;&#xE48; 18 &#xE09;&#xE1A;&#xE31;&#xE1A;&#xE17;&#xE35;&#xE48; 1-2 (&#xE21;&#xE34;.&#xE22;.-&#xE18;.&#xE04;. 2549)</subfield>
  </datafield>
  <datafield tag="260" ind1=" " ind2=" ">
    <subfield code="a">&#xE1E;&#xE35;.&#xE40;&#xE2D;.&#xE25;&#xE34;&#xE1F;&#xE27;&#xE34;&#xE48;&#xE07; &#xE08;&#xE33;&#xE01;&#xE31;&#xE14;</subfield>
  </datafield>
  <datafield tag="310" ind1=" " ind2=" ">
    <subfield code="a">&#xE23;&#xE32;&#xE22; 6 &#xE40;&#xE14;&#xE37;&#xE2D;&#xE19;</subfield>
  </datafield>
  <datafield tag="500" ind1=" " ind2=" ">
    <subfield code="a">&#xE27;&#xE32;&#xE23;&#xE2A;&#xE32;&#xE23;&#xE40;&#xE22;&#xE47;&#xE1A;&#xE40;&#xE25;&#xE48;&#xE21;</subfield>
  </datafield>
  <datafield tag="505" ind1="2" ind2=" ">
    <subfield code="a">&#xE1B;&#xE35;&#xE17;&#xE35;&#xE48; 18 &#xE09;&#xE1A;&#xE31;&#xE1A;&#xE17;&#xE35;&#xE48; 1 &#xE21;&#xE34;.&#xE22;. 2549 -- &#xE19;&#xE31;&#xE01;&#xE1A;&#xE38;&#xE0D;&#xE2B;&#xE23;&#xE37;&#xE2D;&#xE21;&#xE32;&#xE40;&#xE1F;&#xE35;&#xE22;? -- &#xE40;&#xE08;&#xE49;&#xE32;&#xE2B;&#xE19;&#xE35;&#xE49;&#xE40;&#xE07;&#xE34;&#xE19;&#xE01;&#xE39;&#xE49;&#xE22;&#xE36;&#xE14;&#xE16;&#xE37;&#xE2D;&#xE42;&#xE09;&#xE19;&#xE14;&#xE17;&#xE35;&#xE48;&#xE14;&#xE34;&#xE19;&#xE0B;&#xE36;&#xE48;&#xE07;&#xE25;&#xE39;&#xE01;&#xE2B;&#xE19;&#xE35;&#xE49;&#xE21;&#xE2D;&#xE1A;&#xE43;&#xE2B;&#xE49;&#xE44;&#xE27;&#xE49;&#xE40;&#xE1B;&#xE47;&#xE19;&#xE1B;&#xE23;&#xE30;&#xE01;&#xE31;&#xE19;&#xE42;&#xE14;&#xE22;&#xE2D;&#xE49;&#xE32;&#xE07;&#xE2A;&#xE34;&#xE17;&#xE18;&#xE34;&#xE22;&#xE36;&#xE14;&#xE2B;&#xE19;&#xE48;&#xE27;&#xE07;&#xE44;&#xE14;&#xE49;&#xE2B;&#xE23;&#xE37;&#xE2D;&#xE44;&#xE21;&#xE48; -- &#xE40;&#xE2B;&#xE15;&#xE38;&#xE02;&#xE31;&#xE14;&#xE02;&#xE49;&#xE2D;&#xE07;&#xE43;&#xE19;&#xE01;&#xE32;&#xE23;&#xE08;&#xE31;&#xE14;&#xE01;&#xE32;&#xE23;&#xE2B;&#xE23;&#xE37;&#xE2D;
&#xE41;&#xE1A;&#xE48;&#xE07;&#xE17;&#xE23;&#xE31;&#xE1E;&#xE22;&#xE4C;&#xE21;&#xE23;&#xE14;&#xE01; -- &#xE1B;&#xE31;&#xE0D;&#xE2B;&#xE32;&#xE17;&#xE35;&#xE48;&#xE19;&#xE48;&#xE32;&#xE2A;&#xE19;&#xE43;&#xE08;&#xE40;&#xE01;&#xE35;&#xE48;&#xE22;&#xE27;&#xE01;&#xE31;&#xE1A;&#xE20;&#xE32;&#xE23;&#xE30;&#xE08;&#xE33;&#xE22;&#xE2D;&#xE21; -- &#xE41;&#xE19;&#xE30;&#xE01;&#xE0E;&#xE2B;&#xE21;&#xE32;&#xE22;&#xE43;&#xE2B;&#xE21;&#xE48;&#xE01;&#xE0E;&#xE2B;&#xE21;&#xE32;&#xE22;&#xE08;&#xE31;&#xE14;&#xE2A;&#xE23;&#xE23;&#xE17;&#xE35;&#xE48;&#xE14;&#xE34;&#xE19;&#xE09;&#xE1A;&#xE31;&#xE1A;&#xE43;&#xE2B;&#xE21;&#xE48; -- &#xE01;&#xE32;&#xE23;&#xE1F;&#xE49;&#xE2D;&#xE07;&#xE04;&#xE14;&#xE35;&#xE41;&#xE1E;&#xE48;&#xE07;&#xE17;&#xE35;&#xE48;&#xE40;&#xE01;&#xE35;&#xE48;&#xE22;&#xE27;&#xE40;&#xE19;&#xE37;&#xE48;&#xE2D;&#xE07;&#xE01;&#xE31;&#xE1A;&#xE04;&#xE14;&#xE35;&#xE2D;&#xE32;&#xE0D;&#xE32; -- &#xE01;&#xE32;&#xE23;&#xE19;&#xE33;&#xE21;&#xE32;&#xE15;&#xE23;&#xE32; 63
&#xE01;&#xE25;&#xE31;&#xE1A;&#xE21;&#xE32;&#xE43;&#xE0A;&#xE49;&#xE1A;&#xE31;&#xE07;&#xE04;&#xE31;&#xE1A; -- &#xE2B;&#xE25;&#xE31;&#xE01;&#xE01;&#xE32;&#xE23;&#xE17;&#xE32;&#xE07;&#xE01;&#xE0E;&#xE2B;&#xE21;&#xE32;&#xE22;&#xE43;&#xE19;&#xE01;&#xE32;&#xE23;&#xE04;&#xE38;&#xE49;&#xE21;&#xE04;&#xE23;&#xE2D;&#xE07;&#xE2A;&#xE34;&#xE48;&#xE07;&#xE41;&#xE27;&#xE14;&#xE25;&#xE49;&#xE2D;&#xE21;&#xE20;&#xE32;&#xE22;&#xE43;&#xE15;&#xE49; GATT/WTO &#xE01;&#xE31;&#xE1A;&#xE01;&#xE32;&#xE23;&#xE40;&#xE1B;&#xE34;&#xE14;&#xE01;&#xE32;&#xE23;&#xE04;&#xE49;&#xE32;&#xE40;&#xE2A;&#xE23;&#xE35; -- &#xE16;&#xE2D;&#xE14;&#xE23;&#xE39;&#xE1B;&#xE23;&#xE31;&#xE10;&#xE18;&#xE23;&#xE23;&#xE21;&#xE19;&#xE39;&#xE0D;&#xE2A;&#xE34;&#xE48;&#xE07;&#xE17;&#xE35;&#xE48;&#xE1B;&#xE23;&#xE30;&#xE0A;&#xE32;&#xE0A;&#xE19;&#xE04;&#xE27;&#xE23;&#xE23;&#xE39;&#xE49;.</subfield>
    <subfield code="a">&#xE1B;&#xE35;&#xE17;&#xE35;&#xE48; 18 &#xE09;&#xE1A;&#xE31;&#xE1A;&#xE17;&#xE35;&#xE48; 2 &#xE18;.&#xE04;. 2549 -- &#xE40;&#xE14;&#xE34;&#xE19;&#xE02;&#xE1A;&#xE27;&#xE19;&#xE2D;&#xE22;&#xE48;&#xE32;&#xE07;&#xE44;&#xE23; &#xE08;&#xE36;&#xE07;&#xE08;&#xE30;&#xE44;&#xE21;&#xE48;&#xE1C;&#xE34;&#xE14;&#xE01;&#xE0E;&#xE2B;&#xE21;&#xE32;&#xE22; -- &#xE27;&#xE34;&#xE17;&#xE22;&#xE38;&#xE0A;&#xE21;&#xE0A;&#xE19;&#xE20;&#xE32;&#xE22;&#xE43;&#xE15;&#xE49;&#xE23;&#xE31;&#xE10;&#xE18;&#xE23;&#xE23;&#xE21;&#xE19;&#xE39;&#xE0D;&#xE09;&#xE1A;&#xE31;&#xE1A;&#xE0A;&#xE31;&#xE48;&#xE27;&#xE04;&#xE23;&#xE32;&#xE27; -- &#xE2A;&#xE31;&#xE0D;&#xE0D;&#xE32;&#xE0B;&#xE37;&#xE49;&#xE2D;&#xE02;&#xE32;&#xE22;&#xE40;&#xE2A;&#xE23;&#xE47;&#xE08;&#xE40;&#xE14;&#xE47;&#xE14;&#xE02;&#xE32;&#xE14; &#xE41;&#xE15;&#xE01;&#xE15;&#xE48;&#xE32;&#xE07;&#xE01;&#xE31;&#xE1A;&#xE2A;&#xE31;&#xE0D;&#xE0D;&#xE32;&#xE08;&#xE30;&#xE0B;&#xE37;&#xE49;&#xE2D;&#xE08;&#xE30;&#xE02;&#xE32;&#xE22;
&#xE2D;&#xE22;&#xE48;&#xE32;&#xE07;&#xE44;&#xE23; -- &#xE2A;&#xE37;&#xE1A;&#xE21;&#xE23;&#xE14;&#xE01;&#xE01;&#xE31;&#xE1A;&#xE23;&#xE31;&#xE1A;&#xE21;&#xE23;&#xE14;&#xE01;&#xE41;&#xE17;&#xE19;&#xE17;&#xE35;&#xE48; -- &#xE43;&#xE04;&#xE23;&#xE08;&#xE30;&#xE21;&#xE35;&#xE2A;&#xE34;&#xE17;&#xE18;&#xE34;&#xE14;&#xE35;&#xE01;&#xE27;&#xE48;&#xE32;&#xE43;&#xE19;&#xE40;&#xE07;&#xE34;&#xE19;&#xE01;&#xE23;&#xE21;&#xE18;&#xE23;&#xE23;&#xE21;&#xE4C;&#xE1B;&#xE23;&#xE30;&#xE01;&#xE31;&#xE19;&#xE0A;&#xE35;&#xE27;&#xE34;&#xE15; -- &#xE41;&#xE19;&#xE30;&#xE19;&#xE33;&#xE01;&#xE0E;&#xE2B;&#xE21;&#xE32;&#xE22;&#xE43;&#xE2B;&#xE21;&#xE48; &#xE1E;.&#xE23;.&#xE1A;.&#xE41;&#xE01;&#xE49;&#xE44;&#xE02;&#xE40;&#xE1E;&#xE34;&#xE48;&#xE21;&#xE40;&#xE15;&#xE34;&#xE21;&#xE1B;&#xE23;&#xE30;&#xE21;&#xE27;&#xE25;&#xE01;&#xE0E;&#xE2B;&#xE21;&#xE32;&#xE22;&#xE41;&#xE1E;&#xE48;&#xE07;&#xE41;&#xE25;&#xE30;&#xE1E;&#xE32;&#xE13;&#xE34;&#xE0A;&#xE22;&#xE4C; (&#xE09;&#xE1A;&#xE31;&#xE1A;&#xE17;&#xE35;&#xE48; 14) --
&#xE1B;&#xE31;&#xE0D;&#xE2B;&#xE32;&#xE17;&#xE32;&#xE07;&#xE01;&#xE0E;&#xE2B;&#xE21;&#xE32;&#xE22;&#xE02;&#xE2D;&#xE07;&#xE02;&#xE49;&#xE2D;&#xE1A;&#xE17;&#xE04;&#xE27;&#xE32;&#xE21;&#xE15;&#xE01;&#xE25;&#xE07;&#xE01;&#xE32;&#xE23;&#xE08;&#xE31;&#xE14;&#xE15;&#xE31;&#xE49;&#xE07;&#xE40;&#xE02;&#xE15;&#xE01;&#xE32;&#xE23;&#xE04;&#xE49;&#xE32;&#xE40;&#xE2A;&#xE23;&#xE35;&#xE44;&#xE17;&#xE22;-&#xE2A;&#xE2B;&#xE23;&#xE31;&#xE10;&#xE2D;&#xE40;&#xE21;&#xE23;&#xE34;&#xE01;&#xE32; -- &#xE04;&#xE33;&#xE2A;&#xE31;&#xE48;&#xE07;&#xE17;&#xE32;&#xE07;&#xE1B;&#xE01;&#xE04;&#xE23;&#xE2D;&#xE07;&#xE01;&#xE31;&#xE1A;&#xE1C;&#xE39;&#xE49;&#xE41;&#xE1B;&#xE25;&#xE07;&#xE40;&#xE1E;&#xE28; -- &#xE01;&#xE32;&#xE23;&#xE04;&#xE2D;&#xE23;&#xE4C;&#xE23;&#xE31;&#xE1B;&#xE0A;&#xE31;&#xE48;&#xE19;&#xE02;&#xE2D;&#xE07;&#xE19;&#xE31;&#xE01;&#xE01;&#xE32;&#xE23;&#xE40;&#xE21;&#xE37;&#xE2D;&#xE07; -- &#xE02;&#xE49;&#xE2D;&#xE04;&#xE27;&#xE23;&#xE23;&#xE39;&#xE49;&#xE40;&#xE01;&#xE35;&#xE48;&#xE22;&#xE27;&#xE01;&#xE31;&#xE1A;
&#xE01;&#xE32;&#xE23;&#xE28;&#xE36;&#xE01;&#xE29;&#xE32;&#xE27;&#xE34;&#xE0A;&#xE32;&#xE01;&#xE0E;&#xE2B;&#xE21;&#xE32;&#xE22;&#xE41;&#xE25;&#xE30;&#xE15;&#xE2D;&#xE1A;&#xE02;&#xE49;&#xE2D;&#xE2A;&#xE2D;&#xE1A;&#xE2D;&#xE31;&#xE15;&#xE19;&#xE31;&#xE22;.
</subfield>
  </datafield>
  <datafield tag="650" ind1=" " ind2="0">
    <subfield code="a">&#xE21;&#xE23;&#xE14;&#xE01;</subfield>
    <subfield code="9">4376</subfield>
  </datafield>
  <datafield tag="650" ind1=" " ind2="0">
    <subfield code="a">&#xE01;&#xE32;&#xE23;&#xE04;&#xE49;&#xE32;&#xE40;&#xE2A;&#xE23;&#xE35;</subfield>
    <subfield code="9">31118</subfield>
  </datafield>
  <datafield tag="850" ind1=" " ind2=" ">
    <subfield code="a">NALT</subfield>
  </datafield>
  <datafield tag="866" ind1=" " ind2=" ">
    <subfield code="a">&#xE1B;&#xE35;&#xE17;&#xE35;&#xE48; 18 &#xE09;&#xE1A;&#xE31;&#xE1A;&#xE17;&#xE35;&#xE48; 1 (&#xE21;&#xE34;.&#xE22;. 2549)</subfield>
  </datafield>
  <datafield tag="866" ind1=" " ind2=" ">
    <subfield code="a">&#xE1B;&#xE35;&#xE17;&#xE35;&#xE48; 18 &#xE09;&#xE1A;&#xE31;&#xE1A;&#xE17;&#xE35;&#xE48; 2 (&#xE18;.&#xE04;. 2549)</subfield>
  </datafield>
  <datafield tag="942" ind1=" " ind2=" ">
    <subfield code="c">BOUND</subfield>
  </datafield>
  <datafield tag="952" ind1=" " ind2=" ">
    <subfield code="0">0</subfield>
    <subfield code="1">0</subfield>
    <subfield code="2">lcc</subfield>
    <subfield code="4">0</subfield>
    <subfield code="7">0</subfield>
    <subfield code="8">CPERBD</subfield>
    <subfield code="a">NALT</subfield>
    <subfield code="b">NALT</subfield>
    <subfield code="c">JNR</subfield>
    <subfield code="d">2024-07-05</subfield>
    <subfield code="l">0</subfield>
    <subfield code="p">2900006432</subfield>
    <subfield code="r">2024-07-05</subfield>
    <subfield code="w">2024-07-05</subfield>
    <subfield code="y">BOUND</subfield>
  </datafield>
  <datafield tag="996" ind1=" " ind2=" ">
    <subfield code="a">aroonthip.c</subfield>
    <subfield code="b">LIBSTF</subfield>
    <subfield code="c">2024-07-03</subfield>
  </datafield>
  <datafield tag="999" ind1=" " ind2=" ">
    <subfield code="c">105466</subfield>
    <subfield code="d">105466</subfield>
  </datafield>
  <datafield tag="998" ind1=" " ind2=" ">
    <subfield code="h">179</subfield>
    <subfield code="j">179</subfield>
    <subfield code="k"> &#xE2D;&#xE23;&#xE38;&#xE13;&#xE17;&#xE34;&#xE1E;&#xE22;&#xE4C;  &#xE08;&#xE31;&#xE19;&#xE17;&#xE23;&#xE4C;&#xE14;&#xE34;&#xE29;&#xE10;&#xE4C;</subfield>
  </datafield>
</record>
